00777nam a22002057a 450000500170000001000150001702000260003203500140005803700090007208200080008124500780008926000390016727000770020630000300028350000450031370000220035894200220038099900190040295201500042120250430112540.0 aENG-144734 a9788197279539c360.00 aEN-128266 bDBAD a000 aChronicle SSC-CGL Reasoning:bTCS PYQ Practice Book/cEdited by N.N. Ojha aNoidabChronicle Publicationc2024 aA-27D, Sector 16bNoidae201301k0120-2514610/12minfo@chronicleindia.in aVarious Pages.c28cm(pbk) a75 Practice Sets 2021-2023 Solved Papers aOjha, N.N.977953 2ddccENh000mCHR c209384d209384 001040708NFICaMbMd2025-04-30eDelivery of Books Act Divisiong360.00l0o000 CHRpEN-128266r2025-04-30 00:00:00t1v360.00w2025-04-30yEN